Educación reproductiva y paternidad responsable en el Istmo Centroamericano /

Guardado en:
Bibliografiske detaljer
Autores Corporativos: Fondo de las Naciones Unidas para las Contribuciones Económicas para América Latina y el Caribe, UNFIP CEPAL
Format: Texto
Udgivet: México, D.F: UNFIP. CEPAL. ONU
Tags: Tilføj Tag
Ingen Tags, Vær først til at tagge denne postø!

MARC

LEADER 00000 a a2200000 04500
001 28685
003
040
090 |a 183101  
110 |a Fondo de las Naciones Unidas para las Contribuciones Económicas para América Latina y el Caribe  
245 |a Educación reproductiva y paternidad responsable en el Istmo Centroamericano /  |c Fondo de las Naciones Unidas para las Contribuciones Económicas para América Latina y el Caribe  
260 |a México, D.F:   |b UNFIP. CEPAL. ONU  
300 |a 45O p  
710 |a UNFIP   |a CEPAL  
999 |c 11883  |d 11883